Statistics for Basic Basic knowledge

Click here to take the quiz!

General Stats

  • This quiz has been taken 63 times
    (49 since last reset)
  • The average score is 21 of 25

Answer Stats

HintAnswer% Correct
Tells the timeClock
100%
Where sick/injured people goHospital
100%
Snow white and the sevenDwarfs
97%
Spoon, knife andFork
97%
One, two, three,Four
97%
The traffic lights are red, yellow andGreen
97%
Left andRight
97%
What's 9 plus 10?21/19
95%
Red + blue =Purple
95%
Mans best friendDog
92%
Most popular languageEnglish
92%
This country makes a lot of sushiJapan
92%
Sweet desert that comes in many flavoursice-cream
90%
PM andAM
87%
The most popular instrumentPiano
85%
WWW stands for,World wide web
85%
A female ruler of a nationQueen
82%
What made the universeBig bang
77%
He made Billie Jean, Beat it, Thriller, etcMichael Jackson
77%
Morning, afternoon, _____Evening
72%
Second most popular website after GoogleYoutube
72%
Most visited city?Paris
67%
Scottish instrumentbagpipes
64%
Indonesia has thousandsIslands
64%
Another word for shopsmall
28%

Score Distribution

Percentile by Number Answered

Percent of People with Each Score

Your Score History

You have not taken this quiz since the last reset